[Event "FRA-ch U20"]
[Site "Aix les Bains"]
[Date "2009.04.26"]
[Round "9"]
[White "Saint Gilles, Damien"]
[Black "Gillet, Noel"]
[Result "0-1"]
[WhiteElo "1669"]
[BlackElo "1690"]
[PlyCount "104"]
[EventDate "2009.04.19"]
[EventType "swiss"]
[EventRounds "9"]
[EventCountry "FRA"]
[SourceTitle "CBM 130 Extra"]
[Source "ChessBase"]
[SourceDate "2009.07.02"]
[SourceVersion "2"]
[SourceVersionDate "2009.07.15"]
[SourceQuality "1"]

1. d4 Nf6 2. Nf3 g6 3. c4 Bg7 4. Nc3 d6 5. e4 0-0 6. Bd3 e5 7. d5 Ne8 8. Be2 h6 9. b4 f5 10. Nd2 Nf6 11. 0-0 f4 12. Re1 Rf7 13. f3 g5 14. Rb1 Bf8 15. Bf1 Rg7 16. Re2 g4 17. Re1 Qe8 18. Nb3 h5 19. c5 h4 20. Rb2 h3 21. Bb5 Qh5 22. fxg4 Bxg4 23. Be2 f3 24. gxf3 Bxf3+ 25. Kf1 Bg2+ 26. Kf2 Qh4+ 27. Ke3 Qf4+ 28. Kd3 Qxh2 29. Nd2 Qg3+ 30. Kc2 h2 31. Rh1 Bxh1 32. Qxh1 Qg2 33. Bf3 Qxh1 34. Bxh1 Rg1 35. Bf3 h1Q 36. Bxh1 Rxh1 37. Nb5 Na6 38. cxd6 Bxd6 39. a3 Kf7 40. Rb3 Rg8 41. Re3 Rgg1 42. Bb2 Ke7 43. Nxa7 Re1 44. Rg3 Nxe4 45. Nc8+ Kd7 46. Nxe4 Rxe4 47. Nxd6 Kxd6 48. Rd3 Rh2+ 49. Kb3 Ree2 50. Bc1 b5 51. Bg5 Rb2+ 52. Kc3 Rhc2# 0-1